| 000 | 01625nam a2200373 a 4500 | ||
|---|---|---|---|
| 999 |
_c103312 _d103312 |
||
| 003 | BLK | ||
| 005 | 20231220005233.0 | ||
| 008 | 180409b bul|||||r ||||||| ||bul|| | ||
| 010 | _aKNG00108386000 | ||
| 020 | _a954-446-701-7 | ||
| 040 | _aBLK | ||
| 041 |
_aBUL _cBUL |
||
| 080 |
_aФотография. Кинематография _b77 _x.03/.04(73)(084.121) _z77.03/.04(73)(084.121) |
||
| 139 |
_aПрез обектива _bП 86 |
||
| 245 | 1 | 0 |
_aПрез обектива _cпрев. Светлана Николаева Комогорова; консултант Иво Михайлов Хаджимишев. _bВеликите фотографии |
| 257 | _aBGR | ||
| 260 |
_aСофия _bЕгмонт България _c2003 |
||
| 300 |
_a504 с. _bил. _c26Х26 см |
||
| 380 | _a7 | ||
| 500 | _aКор. През обектива National Geographic великите фотографии. - Съдържа : Есета и фотографии публикувани на страниците на сп. Нешенъл Джеографик. | ||
| 650 | 4 |
_aФотография - албуми _9283734 |
|
| 653 | _aхудожествена фотография | ||
| 653 | _aфотография | ||
| 653 | _aалбуми | ||
| 700 |
_aКомогорова, Светлана Николаева _9364272 |
||
| 700 | 1 |
_aХаджимишев, Иво Михайлов _eконсултант _9374762 |
|
| 852 | _aЦб ІІ 27071 | ||
| 856 | 4 | _qpdf | |
| 856 | 4 | _qpdf | |
| 942 |
_cKNG _n0 _s1 |
||
| 944 |
_aCR _c20.10.2003 _k _lCRON CRON |
||
| 944 |
_aED _c30.09.2014 |
||
| 999 | _d103312 | ||